000 00927nam a22002297a 4500
005 20251125232911.0
008 s2545 th tha d
020 _a9742030677
040 _aNALT
041 _atha
100 0 _aไพโรจน์ กัมพูสิริ
245 1 0 _aย่อหลักกฎหมายแพ่งและพาณิชย์ : ครอบครัว [10th]
260 3 _aกรุงเทพฯ :
_bนิติธรรม,
_c2545
300 _a174 หน้า :
_b ตาราง ;
_c 21 ซม.
650 0 4 _aกฎหมายครอบครัว
650 0 4 _aกฎหมายแพ่งและพาณิชย์ -- ครอบครัว
850 _aNALT
856 _uhttps://hdl.handle.net/20.500.14156/461434
942 _cLB
_2lcc
999 _c18926
_d18926
998 _j25
_k นีลวัสน์ อินทรักษา
090 _aKS54 พ992ย 2545